Historia de Drácula : (Registro nro. 12944)

000 -CABECERA
campo de control de longitud fija 02119nam a2200265Ia 4500
003 - IDENTIFICADOR DEL NÚMERO DE CONTROL
campo de control OSt
005 - FECHA Y HORA DE LA ÚLTIMA TRANSACCIÓN
campo de control 20210202083652.0
008 - DATOS DE LONGITUD FIJA--INFORMACIÓN GENERAL
campo de control de longitud fija 141031s2012 sp g 000 f spa
020 ## - NÚMERO INTERNACIONAL ESTÁNDAR DEL LIBRO
Número Internacional Estándar del Libro 9788417623197
040 ## - FUENTE DE LA CATALOGACIÓN
Centro catalogador/agencia de origen CO-BoRNBP
Lengua de catalogación spa
Normas de descripción rda
Centro/agencia transcriptor CO-BoRNBP
082 ## - NÚMERO DE LA CLASIFICACIÓN DECIMAL DEWEY
Número de edición AN
Número de clasificación LEAT
245 10 - MENCIÓN DE TÍTULO
Título Historia de Drácula :
Resto del título un ensayo sobre la obra maestra de Bram Stroker, el conde Drácula y los orígenes del vampirismo/
Mención de responsabilidad, etc. Clive Leatherdale
264 ## - PRODUCCIÓN, PUBLICACIÓN, DISTRIBUCIÓN, FABRICACIÓN Y COPYRIGHT
Producción, publicación, distribución, fabricación y copyright Barcelona,
Nombre del de productor, editor, distribuidor, fabricante Arpa,
Fecha de producción, publicación, distribución, fabricación o copyright 2019.
300 ## - DESCRIPCIÓN FÍSICA
Extensión 342 páginas
Dimensiones 21 cm.
336 ## - TIPO DE CONTENIDO
Término de tipo de contenido texto
Código de tipo de contenido txt
Fuente rdacontent
337 ## - TIPO DE MEDIO
Nombre/término del tipo de medio sin mediación
Código del tipo de medio n
Fuente rdamedia
338 ## - TIPO DE SOPORTE
Nombre/término del tipo de soporte volumen
Código del tipo de soporte nc
Fuente rdacarrier
500 ## - NOTA GENERAL
Nota general La imponente figura del conde Drácula, su guarida en Transilvania y su poder maligno y sobrenaturalimpregnan nuestro imaginario colectivo desde la publicación de la obra maestra de Bram Stokeren 1897. Sin embargo, la crítica nunca ha prestado demasiada atención ni a los vampiros, ni al condeDrácula, ni a su autor. Clive Leatherdale, movido por una gran pasiónpor la novela, se propuso colmar este vacío en un libro que explora los orígenes del vampirismo y supeso en la cultura occidental y propone estimulantes interpretaciones de la novela gótica por excelencia.Según el autor, Drácula puede leerse como una defensa de la imaginación sexual y del psicoanálisis, comoun homenaje al ocultismo, como un retrato metafórico de las tensiones sociales y políticas en la Gran Bretañavictoriana... Historia de Drácula, ya considerado un clásico enel mundo anglosajón, es una compañía imprescindible para todo apasionado del vampiro más célebre de lahistoria. «Este libro debería encontrarse en las estanerías detodos los estudiantes de literatura y cultura popular». British Book News«El absorbente drama de Drácula se vuelve incluso más hipnótico bajo la visión de Leatherdale». Gothic
650 14 - PUNTO DE ACCESO ADICIONAL DE MATERIA--TÉRMINO DE MATERIA
Fuente del encabezamiento o término LEMB
Término de materia o nombre geográfico como elemento de entrada Novela inglesa
Subdivisión cronológica Siglo XIX
9 (RLIN) 7701
650 14 - PUNTO DE ACCESO ADICIONAL DE MATERIA--TÉRMINO DE MATERIA
Fuente del encabezamiento o término LEMB
Término de materia o nombre geográfico como elemento de entrada Literatura inglesa
Subdivisión cronológica Siglo XIX
9 (RLIN) 7702
650 14 - PUNTO DE ACCESO ADICIONAL DE MATERIA--TÉRMINO DE MATERIA
Fuente del encabezamiento o término LEMB
Término de materia o nombre geográfico como elemento de entrada Vampiros
Subdivisión de forma Novela
9 (RLIN) 102243
650 14 - PUNTO DE ACCESO ADICIONAL DE MATERIA--TÉRMINO DE MATERIA
Fuente del encabezamiento o término LEMB
Término de materia o nombre geográfico como elemento de entrada Asesinatos
Subdivisión de forma Novela
9 (RLIN) 4035
650 14 - PUNTO DE ACCESO ADICIONAL DE MATERIA--TÉRMINO DE MATERIA
Fuente del encabezamiento o término LEMB
Término de materia o nombre geográfico como elemento de entrada Terror
Subdivisión de forma Novela
9 (RLIN) 102244
942 ## - ELEMENTOS DE PUNTO DE ACCESO ADICIONAL (KOHA)
Tipo de ítem Koha Libro Literatura
Existencias
Estado de retiro Estado de pérdida Fuente del sistema de clasificación o colocación Estado dañado No para préstamo Código de colección Localización permanente Ubicación/localización actual Fecha de adquisición Fuente de adquisición Número de inventario Total de préstamos Signatura topográfica completa Código de barras Fecha visto por última vez Fecha del último préstamo Número de copia Precio válido a partir de Tipo de ítem Koha Nota pública
          Literatura Adulto Biblioteca Pública San Juan Bosco Biblioteca Pública San Juan Bosco 02/02/2021 Compra nt 1 AN LEAT MOS500679 13/11/2025 10/11/2025 ej 1 02/02/2021 Libro Literatura Quince dias

© Todos los derechos reservados para la Biblioteca Pública Municipal San Juan Bosco, 2020
Secretaria de Cultura de Mosquera
Carrera 3 N° 10 Esquina Centro Cultural Barrio El Carmén Teléfono: 8270830 Ext: 34
Funcionando con KOHA
Contacto: Biblioteca Pública Municipal San Juan Bosco/ bibliotecasanjuanbosco@mosquera-cundinamarca.gov.co
Mosquera, Cundinamarca